<?xml version="1.0" encoding="UTF-8"?>
<record
    xmlns:xsi="http://www.w3.org/2001/XMLSchema-instance"
    xsi:schemaLocation="http://www.loc.gov/MARC21/slim http://www.loc.gov/standards/marcxml/schema/MARC21slim.xsd"
    xmlns="http://www.loc.gov/MARC21/slim">

  <leader>01660nam a22002057a 4500</leader>
  <controlfield tag="003">OSt</controlfield>
  <controlfield tag="005">20250311163203.0</controlfield>
  <controlfield tag="008">250311b           ||||| |||| 00| 0 eng d</controlfield>
  <datafield tag="020" ind1=" " ind2=" ">
    <subfield code="a">9781455728107</subfield>
  </datafield>
  <datafield tag="040" ind1=" " ind2=" ">
    <subfield code="c">WIUC</subfield>
  </datafield>
  <datafield tag="050" ind1=" " ind2=" ">
    <subfield code="a">RC76.J37</subfield>
  </datafield>
  <datafield tag="100" ind1=" " ind2=" ">
    <subfield code="a">Jarvis, Carolyn.</subfield>
    <subfield code="9">459</subfield>
  </datafield>
  <datafield tag="245" ind1=" " ind2=" ">
    <subfield code="a">Physical examination &amp; health assessment. /</subfield>
    <subfield code="c">Jarvis, Carolyn.</subfield>
  </datafield>
  <datafield tag="250" ind1=" " ind2=" ">
    <subfield code="a">7th ed.</subfield>
  </datafield>
  <datafield tag="260" ind1=" " ind2=" ">
    <subfield code="a">St. Louis, Missouri:</subfield>
    <subfield code="b">Elsevier,</subfield>
    <subfield code="c">2016.</subfield>
  </datafield>
  <datafield tag="300" ind1=" " ind2=" ">
    <subfield code="a">xv, 874 p.:</subfield>
  </datafield>
  <datafield tag="504" ind1=" " ind2=" ">
    <subfield code="a">Includes bibliographical references and index</subfield>
  </datafield>
  <datafield tag="505" ind1=" " ind2=" ">
    <subfield code="a">Contents: Assessment of the whole person - Evidence-based assessment -- Cultural competence -- The interview -- The complete health history -- Mental status assessment -- Substance use assessment -- Domestic and family violence assessments-- Approaching to the clinical setting -- Assessment techniques and safety in the clinical setting -- General survey, measurement, vital signs -- Nutritional assessment -- Physical examination --skin, hair, and nails -- Head, face, and neck, including regional lymphatics -- Eyes -- Ears -- Nose, mouth, and throat -- Breasts and regional lymphatics -- Thorax and lungs -- Heart and neck vessels -- Peripheral vascular system and lymphatic system --  Abdomen -- Musculoskeletal system -- Neurologic system -- Male genitourinary system -- Anus, rectum, and prostate -- Female genitourinary system -- Integration: Putting it all together -- The complete health assessment:adult -- The complete physical assessment: infant, child, and adolescent -- Bedside assessment and electronic health recording -- The pregnant woman -- Functional assessment of the older adult -- </subfield>
  </datafield>
  <datafield tag="942" ind1=" " ind2=" ">
    <subfield code="2">lcc</subfield>
    <subfield code="c">BK</subfield>
  </datafield>
  <datafield tag="999" ind1=" " ind2=" ">
    <subfield code="c">10468</subfield>
    <subfield code="d">17968</subfield>
  </datafield>
  <datafield tag="952" ind1=" " ind2=" ">
    <subfield code="0">0</subfield>
    <subfield code="1">0</subfield>
    <subfield code="2">lcc</subfield>
    <subfield code="4">0</subfield>
    <subfield code="7">0</subfield>
    <subfield code="a">WIUC-KL</subfield>
    <subfield code="b">WIUC-KL</subfield>
    <subfield code="c">NURS L.</subfield>
    <subfield code="d">2025-03-05</subfield>
    <subfield code="o">RC76.J37(7e)</subfield>
    <subfield code="p">KSN/1552/001/25</subfield>
    <subfield code="r">2025-03-11 00:00:00</subfield>
    <subfield code="t">1</subfield>
    <subfield code="w">2025-03-11</subfield>
    <subfield code="y">BK</subfield>
  </datafield>
  <datafield tag="952" ind1=" " ind2=" ">
    <subfield code="0">0</subfield>
    <subfield code="1">0</subfield>
    <subfield code="2">lcc</subfield>
    <subfield code="4">0</subfield>
    <subfield code="7">0</subfield>
    <subfield code="a">WIUC-KL</subfield>
    <subfield code="b">WIUC-KL</subfield>
    <subfield code="c">NURS L.</subfield>
    <subfield code="d">2025-03-05</subfield>
    <subfield code="o">RC76.J371(7e)</subfield>
    <subfield code="p">KSN/1553/002/25</subfield>
    <subfield code="r">2025-03-11 00:00:00</subfield>
    <subfield code="t">2</subfield>
    <subfield code="w">2025-03-11</subfield>
    <subfield code="y">BK</subfield>
  </datafield>
  <datafield tag="952" ind1=" " ind2=" ">
    <subfield code="0">0</subfield>
    <subfield code="1">0</subfield>
    <subfield code="2">lcc</subfield>
    <subfield code="4">0</subfield>
    <subfield code="7">0</subfield>
    <subfield code="a">WIUC-KL</subfield>
    <subfield code="b">WIUC-KL</subfield>
    <subfield code="c">NURS L.</subfield>
    <subfield code="d">2025-03-05</subfield>
    <subfield code="l">0</subfield>
    <subfield code="o">RC76.J372(7e)</subfield>
    <subfield code="p">KSN/1554/003/25</subfield>
    <subfield code="r">2025-09-19 00:00:00</subfield>
    <subfield code="t">3</subfield>
    <subfield code="w">2025-03-11</subfield>
    <subfield code="y">BK</subfield>
  </datafield>
  <datafield tag="952" ind1=" " ind2=" ">
    <subfield code="0">0</subfield>
    <subfield code="1">0</subfield>
    <subfield code="2">lcc</subfield>
    <subfield code="4">0</subfield>
    <subfield code="7">0</subfield>
    <subfield code="a">WIUC-KL</subfield>
    <subfield code="b">WIUC-KL</subfield>
    <subfield code="c">NURS L.</subfield>
    <subfield code="d">2025-03-05</subfield>
    <subfield code="l">0</subfield>
    <subfield code="o">RC76.J373(7e)</subfield>
    <subfield code="p">KSN/1555/004/25</subfield>
    <subfield code="r">2025-09-19 00:00:00</subfield>
    <subfield code="t">4</subfield>
    <subfield code="w">2025-03-11</subfield>
    <subfield code="y">BK</subfield>
  </datafield>
</record>
